| 000 | 00766nam a22001937a 4500 | ||
|---|---|---|---|
| 999 |
_c371545 _d371545 |
||
| 008 | 201127b ||||| |||| 00| 0 eng d | ||
| 040 |
_aDE-2950 _bger _cDE-2950 _erda |
||
| 041 | _ager | ||
| 245 |
_aKeinen Hass entstehen lassen. _bEngagement: Der Sonnenschein e.V. aus Frankfurt gibt ukrainischen und russischen Schülern Sprachunterricht - und aktuell auch emotionale Unterstützung / _cJacqueline Westermann |
||
| 264 | _c2022 | ||
| 653 | _aFrankfurt (Oder) | ||
| 653 | _aSprachunterricht | ||
| 653 | _aGeflüchtete | ||
| 773 |
_dFrankfurt (Oder) Märkisches Verlags- und Druckhaus GmbH & Co KG _tMärkische Oderzeitung _g33. Jahrgang (2022) Nr. 75 vom 30.03.2022, S. 16 |
||
| 942 | _cA | ||